000 00777nam a2200229Ia 4500
003 GCL
008 140319s9999 xx 000 0 ara d
040 _aGCL /
_cGCL
082 0 4 _a320.956
_bم ن
100 1 _aساسين عساف
245 1 0 _aالنزاعات الاهلية العربية: العوامل الداخلية والخارجية /
_cساسين عساف
700 1 _aمحمد جابر الانصارى
700 1 _aعبدالاله بلقزيز
700 1 _aعدنان السيد حسين
300 _a202
490 _aمركز دراسات الوحده العربية
_v0
650 0 4 _aالنزاع العربى الاسرائيلى
650 0 4 _aالسياسة
650 0 4 _aالاقليات
650 0 4 _aالصهيونية
942 _2ddc
_cBK
999 _c50083
_d50083